| 000 | 01101cam a2200325 i 4500 | ||
|---|---|---|---|
| 001 | 768714001 | ||
| 003 | CO-MdFUSB | ||
| 005 | 20260121145306.0 | ||
| 007 | ta | ||
| 008 | 230615t1994 -mx||||| |||| 00| | spa d | ||
| 020 | _a 9780311138166 | ||
| 040 |
_bspa. _aCO-MdFUSB _cCO-MdFUSB _dCO-MdFUSBC _erda |
||
| 041 | _aspa | ||
| 082 | 0 | 4 |
_223 _aG 269.2 _bC6921q |
| 100 | 1 |
_aColeman, Roberto E. (Robert) _eautor |
|
| 240 | _aThe master plan of evangelism | ||
| 245 | 1 | 0 |
_aPlan supremo de evangelización _c/ Robert Coleman ; traducido por José María Blanch |
| 264 | 1 |
_aMéxico : _bCasa Bautista de Publicaciones, _c[1994] |
|
| 264 | 4 | _c© 1994 | |
| 300 |
_a107 páginas _c; 18 cm |
||
| 336 |
_atexto _btxt _2rdacontent |
||
| 337 |
_2rdamedia _asin mediación _bn |
||
| 338 |
_2rdacarrier _avolumen _bnc |
||
| 505 | _aSelección -- asociación -- consagración -- comunicación -- demostración -- delegación -- supervisión -- reproducción | ||
| 563 | _aRustico | ||
| 650 | 0 |
_9362 _aEvangelización |
|
| 700 |
_98120 _aBlanch, José María, _eTraductor |
||
| 942 | _cBK | ||
| 945 | _aMag1104 | ||
| 999 |
_c36789 _d36789 |
||